<?xml version="1.0" encoding="UTF-8"?>
<record
    xmlns:xsi="http://www.w3.org/2001/XMLSchema-instance"
    xsi:schemaLocation="http://www.loc.gov/MARC21/slim http://www.loc.gov/standards/marcxml/schema/MARC21slim.xsd"
    xmlns="http://www.loc.gov/MARC21/slim">

  <leader>02218nam a2200301 a 4500</leader>
  <controlfield tag="001">BRCA_8796</controlfield>
  <controlfield tag="005">20190320210421.0</controlfield>
  <controlfield tag="008">190417s1771----sp-#######---#000-0#spa-#</controlfield>
  <datafield tag="041" ind1=" " ind2=" ">
    <subfield code="a">spa</subfield>
  </datafield>
  <datafield tag="044" ind1=" " ind2=" ">
    <subfield code="a">sp</subfield>
  </datafield>
  <datafield tag="084" ind1=" " ind2=" ">
    <subfield code="a">BE177</subfield>
    <subfield code="b">.V35 1771</subfield>
  </datafield>
  <datafield tag="100" ind1="1" ind2=" ">
    <subfield code="a">Valent&#xED;n de la Madre de Dios</subfield>
    <subfield code="9">21849</subfield>
  </datafield>
  <datafield tag="245" ind1="1" ind2="0">
    <subfield code="a">Fuero de la conciencia</subfield>
    <subfield code="b">escrito por el P. Fr. Valentin de la Madre de Dios, carmelita  descalzo; con la bulas de N. SS. Padre Benedicto Decimoquarto, pertenecientes ad mores; por los RR: PP. Fr. Juan Antonio de S. Agustin, y Fr. Julian del Santisimo Sacramento, de la misma Orden; a&#xF1;adee por este ultimo una instrucci&#xF3;n pr&#xE1;ctica para los P&#xE1;rrocos y Confesores, sobre el modo de recurrir por las dispensas, en los impedimentos ocultos de Matrimonio, Irregularidades, votos, &amp;c; divido en dos partes; parte segunda.</subfield>
  </datafield>
  <datafield tag="250" ind1=" " ind2=" ">
    <subfield code="a">4a. ed.</subfield>
  </datafield>
  <datafield tag="260" ind1=" " ind2=" ">
    <subfield code="a">Madrid</subfield>
    <subfield code="b">en la Oficina de Pantale&#xF3;n Aznar</subfield>
    <subfield code="c">1771</subfield>
  </datafield>
  <datafield tag="300" ind1=" " ind2=" ">
    <subfield code="a">[6], 536 p. (t.2)</subfield>
    <subfield code="c">21.5 x 15 cm.</subfield>
  </datafield>
  <datafield tag="500" ind1=" " ind2=" ">
    <subfield code="a">Con las licencias necesarias</subfield>
  </datafield>
  <datafield tag="500" ind1=" " ind2=" ">
    <subfield code="a">Con marca de fuego: &#x201C;Procedencia de la marca: Convento de San Francisco de Silao, Guanajuato(1). Instituci&#xF3;n: Provincia de San Pedro y San Pablo de Michoac&#xE1;n. Descripci&#xF3;n: Abreviatura de la palabra Conv[en]to seguido del monograma compuesto por las iniciales &#x201C;A&#x201D;, &#x201C;S&#x201D;, &#x201C;I&#x201D; y &#x201C;L&#x201D; que se desata como Silao. El todo inscrito en un rect&#xE1;ngulo. Observaciones: David Saavedra la adjudica al Convento Franciscano de Silao, Guanajuato. Con el testimonio de pertenencia ubicado en este ejemplar se corrobora la atribuci&#xF3;n realizada por David Saavedra. Ubicaci&#xF3;n de la marca en el libro: Canto superior, inferior y lateral&#x201D;</subfield>
  </datafield>
  <datafield tag="500" ind1=" " ind2=" ">
    <subfield code="a">Estado f&#xED;sico: presenta encuadernaci&#xF3;n en pergamino, con lomo semi desprendido y cintas rotas</subfield>
  </datafield>
  <datafield tag="650" ind1="1" ind2="4">
    <subfield code="a">Teolog&#xED;a</subfield>
    <subfield code="y">S. XVIII</subfield>
    <subfield code="9">21930</subfield>
  </datafield>
  <datafield tag="650" ind1="1" ind2="4">
    <subfield code="a">Sacramentos</subfield>
    <subfield code="9">21931</subfield>
  </datafield>
  <datafield tag="650" ind1="1" ind2="4">
    <subfield code="a">Moral cristiana</subfield>
    <subfield code="9">21932</subfield>
  </datafield>
  <datafield tag="700" ind1="1" ind2=" ">
    <subfield code="a">Juli&#xE1;n del Sant&#xED;simo Sacramento</subfield>
    <subfield code="9">21853</subfield>
  </datafield>
  <datafield tag="700" ind1="1" ind2=" ">
    <subfield code="a">Juan Antonio de San Agust&#xED;n</subfield>
    <subfield code="9">21933</subfield>
  </datafield>
  <datafield tag="856" ind1=" " ind2=" ">
    <subfield code="a">http://www.marcasdefuego.buap.mx:8180/xmLibris/projects/firebrand/item.jsp?repository=marcas_de_fuego&amp;key=marcas_de_fuego_franciscanas_20150807140752_1047.xml&amp;num=130</subfield>
  </datafield>
  <datafield tag="902" ind1=" " ind2=" ">
    <subfield code="a">CFM</subfield>
  </datafield>
  <datafield tag="942" ind1=" " ind2=" ">
    <subfield code="2">lcc</subfield>
    <subfield code="c">B</subfield>
  </datafield>
  <datafield tag="999" ind1=" " ind2=" ">
    <subfield code="c">8447</subfield>
    <subfield code="d">8447</subfield>
  </datafield>
  <datafield tag="952" ind1=" " ind2=" ">
    <subfield code="0">0</subfield>
    <subfield code="1">0</subfield>
    <subfield code="4">0</subfield>
    <subfield code="7">0</subfield>
    <subfield code="a">BRCA</subfield>
    <subfield code="b">BRCA</subfield>
    <subfield code="d">2017-04-19</subfield>
    <subfield code="l">0</subfield>
    <subfield code="o">BE177 .V35 1771</subfield>
    <subfield code="p">CFM00123</subfield>
    <subfield code="r">2019-03-22 00:00:00</subfield>
    <subfield code="w">2019-03-22</subfield>
    <subfield code="y">B</subfield>
  </datafield>
</record>
